000 00858nac a22002777a 4500
001 BR0103078
003 BR-BrBNA
005 20240105122548.0
008 230509b bl.|||m| |||| 00| 0 por d
040 _aBR-BrBNA
_bpor
_cBiblioteca Nacional de Agricultura
072 _aE11
090 _aE11 BR0103078
100 1 _aAsmar, S.R.
110 1 _aCentro de Pesquisa do Cacau, Ilheus, BA (Brasil)
_91613
245 1 _aPosse da terra na regiao cacaueira da bahia, um novo enfoque
260 3 _aIlheus, BA (Brasil):
_c1976.
300 _a16 p.
490 _aBoletim Tecnico - Centro de Pesquisas do Cacau (Brazil)
_vno. 38
_x
500 _aSummary (Pt); 6 ref.
650 _aCacau
650 _aPosse de Terra
650 _aBahia
856 4 0 _dLink DSPACE/MAPA BR0103078
909 _a202312
_bLúcia Elande
_c55
_dLúcia Elande
942 _2AGRIS
_n0
_cMS
999 _c291673
_d291673